000 01435cam a22004574i 4500
003 PE-LiUPU
005 20250731165501.0
008 150623s r 000 0 d
020 _a0918986060
035 _a(Sirsi) i9780918986061
040 _aPE-LiUPU
_bspa
_cPE-LiUPU
_erda
082 0 4 _a492.1d
_bA12
_221
245 0 4 _aThe Assyrian dictionary :
_bE
_n4.
264 1 _aChicago, Illinois :
_bThe Oriental Institute of the University of Chicago,
_c1964.
300 _a435 páginas ;
_c29 cm.
336 _atext
_2rdacontent
337 _aunmediated
_2rdamedia
338 _avolume
_2rdacarrier
505 0 _aThe Assyrian dictionary: E.
526 _aSEG44
526 _aSEG26
526 _aP151
526 _aP150
526 _aP149
526 _aP146
526 _aP145
526 _aP126
526 _aP125
526 _aP92
526 _aP75
526 _aP74
526 _aP27
526 _aP15
650 1 4 _aLengua acadia
_vDiccionarios
_xInglés.
700 1 _aPopenheim, A. Leo,
_eed.
942 _2ddc
_cBOOK
949 _aRC 492.1d A12 4
_wDEWEY
_c1
_i46410
_lCCODEBUL1
_mBUL
_p00.00
_r0
_sY
_tBOOK
_u2015-06-24
_xTEOLOGIA
_PP35
_0COMPRA
_o.STAFF. Colección General
596 _a1
999 _aRC 492.1D A12 4
_wDEWEY
_c23173
_i46410
_f2021-11-8
_g5
_lCCODEBUL1
_mBUL
_r1
_sY
_tBOOK
_u2015-6-24
_xTEOLOGIA
_PP35
_0COMPRA
_o.STAFF. Colección General
_d23173
980 _81
_gALBERTO SANCHEZ Responsable de Automatización